000
00254nam a2200109Ia 4500
005
20251222175928.0
008
251222s9999||||xx |||||||||||||| ||spa||
082
_a
658.3/J67
100
_a
Johnson, Ron
245
0
_a
La Dirección de Personal
942
_c
LIB
999
_c
40943
_d
40943